00386nam a2200121Ia 450000500170000000800410001708200160005810000140007424500320008826000720012030000130019250000590020520250522022515.0240331s9999 xx 000 0 und d a302.23bARU aArunthati 0aExile Tamil cinema a debate aFrance & LondonbMugam Pathippagam & Tamil Information Centrec2000 a176 p ., aA collection of essays on exile Tamil Cinema A debate